Los mohicanos de París / (Record no. 53185)

MARC details
000 -LEADER
campo de control de longitud fija 00733nam a22002295i 4500
001 - NÚMERO DE CONTROL
campo de control 53185
003 - IDENTIFICADOR DE NÚMERO DE CONTROL
campo de control ES-MaACL
005 - FECHA Y HORA DE LA ÚLTIMA TRANSACCIÓN
campo de control 20250704062527.0
007 - CAMPO FIJO DE DESCRIPCIÓN FÍSICA--INFORMACIÓN GENERAL
campo de control de longitud fija t|
008 - DATOS DE LONGITUD FIJA--INFORMACIÓN GENERAL
campo de control de longitud fija 941129m18601861sp af ||||1| spa d
040 ## - FUENTE DE CATALOGACIÓN
Centro catalogador/agencia de origen CARM
Lengua de catalogación spa
100 1# - ENTRADA PRINCIPAL--NOMBRE DE PERSONA
Nombre de persona Dumas, Alexandre,
Fechas asociadas al nombre 1802-1870
Término indicativo de función/relación Autor
9 (RLIN) 241135
245 14 - MENCIÓN DEL TÍTULO
Título Los mohicanos de París /
Mención de responsabilidad, etc. novela escrita en frances por Alejandro Dumas ; traducida por Juan Sala.
260 ## - PUBLICACIÓN, DISTRIBUCIÓN, ETC.
Lugar de publicación, distribución, etc. Madrid :
Nombre del editor, distribuidor, etc. Manini Hermanos,
Fecha de publicación, distribución, etc. 1860-1861.
300 ## - DESCRIPCIÓN FÍSICA
Extensión 2 v., [19] h. de lám. ;
Dimensiones 22 cm.
490 1# - MENCIÓN DE SERIE
Mención de serie Ediciones populares ilustradas
700 1# - ENTRADA AGREGADA--NOMBRE PERSONAL
Nombre de persona Sala, Juan.
9 (RLIN) 101648
830 0# - PUNTO DE ACCESO ADICIONAL DE SERIE-TÍTULO UNIFORME
Título uniforme Ediciones populares ilustradas
9 (RLIN) 230239
852 ## - LOCALIZACIÓN
Ubicación ES-MaACL
Número de control de estantería B-7244-7
942 ## - ELEMENTOS DE ENTRADA SECUNDARIOS (KOHA)
Fuente del sistema de clasificación o colocación Clasificación decimal universal
Holdings
Estatus retirado Estado de pérdida Estado de daño No para préstamo Colección Biblioteca de origen Biblioteca actual Ubicación en estantería Fecha de adquisición Fuente de adquisición Total de préstamos Signatura topográfica completa Código de barras Visto por última vez Precio de reemplazo Tipo de ítem Koha
        Libros del s. XIX Biblioteca del Ateneo de Madrid Biblioteca del Ateneo de Madrid Sala Pardo Bazán 17/01/2008     B-7244-7 1055882 23/02/2023 23/02/2023 Libro impreso antiguo